MARC

LEADER 00000nam0a2200000 4500
001 372728
005 20231101050350.0
035 |a (RuTPU)RU\TPU\retro\30153 
035 |a RU\TPU\book\201069 
090 |a 372728 
100 |a 20221215d1987 m y0rusy50 ca 
101 0 |a rus 
102 |a RU 
105 |a y z 001zy 
200 1 |a Магистральные трубопроводы в сложных инженерно-геологических условиях  |f В. Н. Морозов 
210 |a Ленинград  |c Недра  |d 1987 
215 |a 123 с. 
320 |a Библиогр.: с. 119-121. 
610 1 |a магистральные трубопроводы 
610 1 |a инженерно-геологические условия 
610 1 |a грунтовые среды 
610 1 |a сопротивление 
610 1 |a анкерные устройства 
610 1 |a экспресс-испытания 
675 |a 622.692.4  |v 3 
700 1 |a Морозов  |b В. Н.  |g Виктор Николаевич 
801 1 |a RU  |b 63413507  |c 20101008 
801 2 |a RU  |b 63413507  |c 20221215  |g RCR 
942 |c BK